[Event "28th CRO-chT 1A-Men 2019"]
[Site "Mali Losinj"]
[Date "2019.10.05"]
[Round "8.30"]
[White "Muse, Mladen"]
[Black "Petrov, Jole"]
[Result "1/2-1/2"]
[WhiteElo "2387"]
[BlackElo "2418"]
[Annotator "ChessBase"]
[PlyCount "41"]
[EventDate "2019.09.28"]
[EventType "team-tourn"]
[EventCountry "CRO"]
[SourceTitle "playchess.com"]
[Source "ChessBase"]
[SourceQuality "1"]
[TimeControl "40/5400+30:1800+30"]

1. Nf3 {[%emt 0:01:30]} d5 {[%emt 0:00:30]} 2. g3 {[%emt 0:00:30]} c6 {[%emt 0:00:30]} 3. Bg2 {[%emt 0:00:30]} Bg4 {[%emt 0:00:00]} 4. d4 {[%emt 0:01:30]} Nf6 {[%emt 0:01:00]} 5. O-O {[%emt 0:00:00]} e6 {[%emt 0:00:30]} 6. Nbd2 {[%emt 0:02:00]} Nbd7 {[%emt 0:01:30]} 7. Re1 {[%emt 0:00:30]} Be7 {[%emt 0:00:00]} 8. e4 {[%emt 0:00:30]} O-O {[%emt 0:00:00]} 9. c3 {[%emt 0:03:30]} Bh5 {[%emt 0:01:30]} 10. h3 {[%emt 0:07:30]} Rc8 {[%emt 0:04:30]} 11. Qb3 {[%emt 0:05:30]} Qb6 {[%emt 0:02:30]} 12. exd5 {[%emt 0:03:30]} cxd5 {[%emt 0:00:30]} 13. Ne5 {[%emt 0:01:30]} Qc7 {[%emt 0:28:30]} 14. Nxd7 {[%emt 0:06:30]} Qxd7 {[%emt 0:05:30]} 15. a4 {[%emt 0:02:30]} Qc7 {[%emt 0:09:30]} 16. Nf3 {[%emt 0:08:30]} Bd6 {[%emt 0:00:30]} 17. Ne5 {[%emt 0:02:30]} Nd7 {[%emt 0:02:30]} 18. Bf4 {[%emt 0:06:30]} Nxe5 {[%emt 0:02:30]} 19. Bxe5 {[%emt 0:02:30]} Rfd8 {[%emt 0:00:30]} 20. a5 {[%emt 0:08:30]} Bg6 {[%emt 0:02:30]} 21. Qb5 {[%emt 0:10:30]} 1/2-1/2

[Event "28th CRO-chT 1A-Men 2019"]
[Site "Mali Losinj"]
[Date "2019.10.06"]
[Round "9.1"]
[White "Ponkratov, Pavel"]
[Black "Inarkiev, Ernesto"]
[Result "1/2-1/2"]
[WhiteElo "2621"]
[BlackElo "2693"]
[Annotator "TA"]
[PlyCount "37"]
[EventDate "2019.09.28"]
[EventType "team-tourn"]
[EventCountry "CRO"]
[SourceTitle "playchess.com"]
[Source "ChessBase"]
[SourceQuality "1"]

{[%evp 9,37,17,14,-33,-25,-14,-26,-32,-21,-19,-21,-90,-103,-93,-93,-85,-69,-76,-20,-25,-41,-60,0,0,0,0,0,0,0,0]} 1. Nf3 Nf6 2. c4 c5 3. Nc3 Nc6 4. e3 e5 5. d4 e4 6. Ng5 {A34: Symmetrical English: 2 Nc3, lines with ...d5} (6. d5 exf3 7. dxc6 bxc6 8. Qxf3 Bd6 9. g4 O-O 10. Bd3 Qe7 11. Bd2 g6 12. Qe2 Be5 13. f4 Bxc3 14. Bxc3 {½-½ (29) Jones,G (2702)-Grandelius,N (2688) Malmo 2019}) 6... cxd4 7. exd4 Bb4 8. d5 {Black has an edge.} Bxc3+ 9. bxc3 Na5 10. Ba3 (10. f3 $11 {remains equal.}) 10... d6 $1 $17 11. c5 {[#]} O-O $1 12. cxd6 h6 $146 ({Predecessor:} 12... Re8 13. Qd4 e3 14. f3 h6 {0-1 (26) Sale,S (2449)-Zhang,Z (2599) Dubai 2005}) 13. Nh3 {[#]} Bxh3 (13... Re8 $1 $17 {...e3 is the strong threat.} 14. Qd4 Bxh3 15. gxh3 e3) 14. gxh3 $11 e3 {Threatens to win with ...Re8.} 15. Qd4 exf2+ (15... Re8 $15 16. Bd3 (16. fxe3 Re4 $17) 16... exf2+ 17. Kxf2 Ne4+ {[%mdl 64] Decoy} 18. Bxe4 Qh4+ {[%mdl 64] Double Attack} 19. Kf3 Qh5+ 20. Kg3 Qg5+ 21. Kf3 Qh5+ {[%mdl 64] Double Attack} 22. Kg3 Qg5+ 23. Kf3 Qh5+ {[%mdl 64] Double Attack}) 16. Kxf2 {The position is equal.} Re8 {Strongly threatening ...Re4.} 17. Bd3 {aiming for Rhg1.} Ne4+ {[%mdl 64] Decoy} 18. Bxe4 Qh4+ {[%mdl 64] Double Attack} 19. Kf3 $1 1/2-1/2

[Event "28th CRO-chT 1A-Men 2019"]
[Site "Mali Losinj"]
[Date "2019.10.06"]
[Round "9.2"]
[White "Dreev, Aleksey"]
[Black "Martinovic, Sasa"]
[Result "1/2-1/2"]
[WhiteElo "2662"]
[BlackElo "2539"]
[Annotator "ChessBase"]
[PlyCount "27"]
[EventDate "2019.09.28"]
[EventType "team-tourn"]
[EventCountry "CRO"]
[SourceTitle "playchess.com"]
[Source "ChessBase"]
[SourceQuality "1"]
[TimeControl "40/5400+30:1800+30"]

1. d4 {[%emt 0:00:30]} Nf6 {[%emt 0:00:30]} 2. Nf3 {[%emt 0:00:00]} g6 {[%emt 0:00:00]} 3. g3 {[%emt 0:00:00]} Bg7 {[%emt 0:00:00]} 4. Bg2 {[%emt 0:00:30]} d5 {[%emt 0:00:30]} 5. O-O {[%emt 0:01:30]} O-O {[%emt 0:00:00]} 6. c4 {[%emt 0:00:00]} dxc4 {[%emt 0:00:00]} 7. Na3 {[%emt 0:00:00]} c5 {[%emt 0:00:30]} 8. Nxc4 {[%emt 0:03:30]} Be6 {[%emt 0:00:30]} 9. Nce5 {[%emt 0:13:30]} cxd4 {[%emt 0:01:30]} 10. Qxd4 {[%emt 0:02:30]} Qxd4 {[%emt 0:00:30]} 11. Nxd4 {[%emt 0:00:30]} Bd5 {[%emt 0:00:30]} 12. Rd1 {[%emt 0:09:30]} Bxg2 {[%emt 0:07:30]} 13. Kxg2 {[%emt 0:00:00]} Rd8 {[%emt 0:00:30]} 14. Bf4 {[%emt 0:17:00]} 1/2-1/2

[Event "28th CRO-chT 1A-Men 2019"]
[Site "Mali Losinj"]
[Date "2019.10.06"]
[Round "9.3"]
[White "Cvitan, Ognjen"]
[Black "Lalic, Bogdan"]
[Result "1/2-1/2"]
[WhiteElo "2490"]
[BlackElo "2419"]
[Annotator "ChessBase"]
[PlyCount "42"]
[EventDate "2019.09.28"]
[EventType "team-tourn"]
[EventCountry "CRO"]
[SourceTitle "playchess.com"]
[Source "ChessBase"]
[SourceQuality "1"]
[TimeControl "40/5400+30:1800+30"]

1. d4 {[%emt 0:01:30]} Nf6 {[%emt 0:00:30]} 2. c4 {[%emt 0:00:30]} e6 {[%emt 0:00:00]} 3. Nf3 {[%emt 0:01:30]} d5 {[%emt 0:00:00]} 4. Nc3 {[%emt 0:01:30]} Be7 {[%emt 0:01:30]} 5. Bg5 {[%emt 0:01:30]} h6 {[%emt 0:01:30]} 6. Bxf6 {[%emt 0:05:30]} Bxf6 {[%emt 0:00:00]} 7. e3 {[%emt 0:00:30]} O-O {[%emt 0:02:00]} 8. Rc1 {[%emt 0:01:30]} c6 {[%emt 0:00:30]} 9. Bd3 {[%emt 0:01:30]} Nd7 {[%emt 0:01:30]} 10. O-O {[%emt 0:01:30]} dxc4 {[%emt 0:01:30]} 11. Bxc4 {[%emt 0:00:30]} e5 {[%emt 0:02:30]} 12. h3 {[%emt 0:03:30]} exd4 {[%emt 0:00:30]} 13. exd4 {[%emt 0:00:30]} Nb6 {[%emt 0:00:30]} 14. Bb3 {[%emt 0:00:30]} Bf5 {[%emt 0:03:30]} 15. Re1 {[%emt 0:02:30]} Re8 {[%emt 0:01:30]} 16. Rxe8+ {[%emt 0:06:30]} Qxe8 {[%emt 0:00:30]} 17. Qd2 {[%emt 0:01:30]} Qd7 {[%emt 0:06:30]} 18. Re1 {[%emt 0:05:30]} a5 {[%emt 0:01:30]} 19. a3 {[%emt 0:00:30]} Re8 {[%emt 0:05:30]} 20. Rxe8+ {[%emt 0:02:30]} Qxe8 {[%emt 0:00:30]} 21. Qf4 {[%emt 0:00:00]} Be6 {[%emt 0:01:30]} 1/2-1/2

[Event "28th CRO-chT 1A-Men 2019"]
[Site "Mali Losinj"]
[Date "2019.10.06"]
[Round "9.6"]
[White "Medak, Bojan"]
[Black "Muse, Mladen"]
[Result "1/2-1/2"]
[WhiteElo "2351"]
[BlackElo "2387"]
[Annotator "ChessBase"]
[PlyCount "27"]
[EventDate "2019.09.28"]
[EventType "team-tourn"]
[EventCountry "CRO"]
[SourceTitle "playchess.com"]
[Source "ChessBase"]
[SourceQuality "1"]
[TimeControl "40/5400+30:1800+30"]

1. Nf3 {[%emt 0:00:30]} d5 {[%emt 0:00:30]} 2. c4 {[%emt 0:00:30]} e6 {[%emt 0:00:30]} 3. g3 {[%emt 0:00:30]} Nf6 {[%emt 0:00:30]} 4. Bg2 {[%emt 0:00:30]} Be7 {[%emt 0:00:30]} 5. O-O {[%emt 0:01:30]} O-O {[%emt 0:00:30]} 6. b3 {[%emt 0:00:30]} b6 {[%emt 0:00:30]} 7. Bb2 {[%emt 0:00:30]} Bb7 {[%emt 0:01:30]} 8. e3 {[%emt 0:01:30]} c5 {[%emt 0:01:30]} 9. Qe2 {[%emt 0:01:30]} Nc6 {[%emt 0:01:30]} 10. d3 {[%emt 0:02:30]} Qc7 {[%emt 0:02:30]} 11. Nbd2 {[%emt 0:03:30]} Rad8 {[%emt 0:01:30]} 12. a3 {[%emt 0:02:30]} Rd7 {[%emt 0:01:30]} 13. Rac1 {[%emt 0:00:30]} Qb8 {[%emt 0:01:30]} 14. d4 {[%emt 0:03:30]} 1/2-1/2

[Event "28th CRO-chT 1A-Men 2019"]
[Site "Mali Losinj"]
[Date "2019.10.06"]
[Round "9.7"]
[White "Saric, Ibro"]
[Black "Grachev, Boris"]
[Result "1/2-1/2"]
[WhiteElo "2564"]
[BlackElo "2621"]
[Annotator "ChessBase"]
[PlyCount "22"]
[EventDate "2019.09.28"]
[EventType "team-tourn"]
[EventCountry "CRO"]
[SourceTitle "playchess.com"]
[Source "ChessBase"]
[SourceQuality "1"]
[TimeControl "40/5400+30:1800+30"]

1. c4 {[%emt 0:00:30]} c6 {[%emt 0:00:30]} 2. d4 {[%emt 0:00:00]} d5 {[%emt 0:00:00]} 3. cxd5 {[%emt 0:00:00]} cxd5 {[%emt 0:00:00]} 4. Nc3 {[%emt 0:00:00]} Nf6 {[%emt 0:00:00]} 5. Nf3 {[%emt 0:00:00]} Nc6 {[%emt 0:00:00]} 6. Bf4 {[%emt 0:00:30]} Bf5 {[%emt 0:00:00]} 7. e3 {[%emt 0:00:00]} e6 {[%emt 0:00:00]} 8. Bd3 {[%emt 0:00:00]} Bxd3 {[%emt 0:00:00]} 9. Qxd3 {[%emt 0:00:00]} Bd6 {[%emt 0:00:00]} 10. Bxd6 {[%emt 0:00:00]} Qxd6 {[%emt 0:00:00]} 11. O-O {[%emt 0:00:30]} O-O {[%emt 0:00:00]} 1/2-1/2

[Event "28th CRO-chT 1A-Men 2019"]
[Site "Mali Losinj"]
[Date "2019.10.06"]
[Round "9.8"]
[White "Bosiocic, Marin"]
[Black "Saric, Ante"]
[Result "1/2-1/2"]
[WhiteElo "2619"]
[BlackElo "2557"]
[Annotator "ChessBase"]
[PlyCount "25"]
[EventDate "2019.09.28"]
[EventType "team-tourn"]
[EventCountry "CRO"]
[SourceTitle "playchess.com"]
[Source "ChessBase"]
[SourceQuality "1"]
[TimeControl "40/5400+30:1800+30"]

1. e4 {[%emt 0:00:30]} c5 {[%emt 0:00:30]} 2. Nf3 {[%emt 0:00:00]} d6 {[%emt 0:00:00]} 3. d4 {[%emt 0:00:00]} cxd4 {[%emt 0:00:00]} 4. Nxd4 {[%emt 0:00:00]} Nf6 {[%emt 0:00:00]} 5. Nc3 {[%emt 0:00:00]} a6 {[%emt 0:00:00]} 6. Bg5 {[%emt 0:00:00]} e6 {[%emt 0:00:30]} 7. f4 {[%emt 0:00:00]} Qb6 {[%emt 0:00:00]} 8. Qd2 {[%emt 0:00:00]} Qxb2 {[%emt 0:00:00]} 9. Rb1 {[%emt 0:00:00]} Qa3 {[%emt 0:00:00]} 10. Bxf6 {[%emt 0:00:30]} gxf6 {[%emt 0:00:00]} 11. Be2 {[%emt 0:00:00]} Nc6 {[%emt 0:00:00]} 12. Nxc6 {[%emt 0:00:00]} bxc6 {[%emt 0:00:00]} 13. O-O {[%emt 0:00:00]} 1/2-1/2

[Event "28th CRO-chT 1A-Men 2019"]
[Site "Mali Losinj"]
[Date "2019.10.06"]
[Round "9.9"]
[White "Galyas, Miklos"]
[Black "Popov, Ivan"]
[Result "1/2-1/2"]
[WhiteElo "2476"]
[BlackElo "2611"]
[Annotator "ChessBase"]
[PlyCount "21"]
[EventDate "2019.09.28"]
[EventType "team-tourn"]
[EventCountry "CRO"]
[SourceTitle "playchess.com"]
[Source "ChessBase"]
[SourceQuality "1"]
[TimeControl "40/5400+30:1800+30"]

1. e4 {[%emt 0:00:30]} c6 {[%emt 0:00:30]} 2. d4 {[%emt 0:00:00]} d5 {[%emt 0:00:00]} 3. Nc3 {[%emt 0:00:00]} dxe4 {[%emt 0:00:00]} 4. Nxe4 {[%emt 0:00:00]} Bf5 {[%emt 0:00:00]} 5. Ng3 {[%emt 0:00:00]} Bg6 {[%emt 0:00:00]} 6. Nf3 {[%emt 0:00:30]} e6 {[%emt 0:00:00]} 7. Bd3 {[%emt 0:00:00]} Nf6 {[%emt 0:00:00]} 8. O-O {[%emt 0:00:00]} Nbd7 {[%emt 0:00:30]} 9. c3 {[%emt 0:00:00]} Bxd3 {[%emt 0:00:00]} 10. Qxd3 {[%emt 0:00:00]} Be7 {[%emt 0:00:00]} 11. Re1 {[%emt 0:01:30]} 1/2-1/2

[Event "28th CRO-chT 1A-Men 2019"]
[Site "Mali Losinj"]
[Date "2019.10.06"]
[Round "9.10"]
[White "Tica, Sven"]
[Black "Plenca, Julijan"]
[Result "1/2-1/2"]
[WhiteElo "2418"]
[BlackElo "2423"]
[Annotator "ChessBase"]
[PlyCount "24"]
[EventDate "2019.09.28"]
[EventType "team-tourn"]
[EventCountry "CRO"]
[SourceTitle "playchess.com"]
[Source "ChessBase"]
[SourceQuality "1"]
[TimeControl "40/5400+30:1800+30"]

1. e4 {[%emt 0:00:30]} c6 {[%emt 0:00:30]} 2. d4 {[%emt 0:00:00]} d5 {[%emt 0:00:00]} 3. Nc3 {[%emt 0:00:00]} dxe4 {[%emt 0:00:00]} 4. Nxe4 {[%emt 0:00:00]} Bf5 {[%emt 0:00:00]} 5. Ng3 {[%emt 0:00:00]} Bg6 {[%emt 0:00:00]} 6. h4 {[%emt 0:00:30]} h6 {[%emt 0:00:30]} 7. Nf3 {[%emt 0:00:00]} Nd7 {[%emt 0:00:00]} 8. h5 {[%emt 0:00:00]} Bh7 {[%emt 0:00:00]} 9. Bd3 {[%emt 0:00:00]} Bxd3 {[%emt 0:00:00]} 10. Qxd3 {[%emt 0:00:00]} Ngf6 {[%emt 0:00:00]} 11. Bf4 {[%emt 0:00:00]} Qa5+ {[%emt 0:00:00]} 12. Bd2 {[%emt 0:00:00]} Qc7 {[%emt 0:01:00]} 1/2-1/2

[Event "28th CRO-chT 1A-Men 2019"]
[Site "Mali Losinj"]
[Date "2019.10.06"]
[Round "9.11"]
[White "Bobanac, Miro"]
[Black "Golubovic, Boris"]
[Result "1/2-1/2"]
[WhiteElo "2257"]
[BlackElo "2401"]
[Annotator "ChessBase"]
[PlyCount "20"]
[EventDate "2019.09.28"]
[EventType "team-tourn"]
[EventCountry "CRO"]
[SourceTitle "playchess.com"]
[Source "ChessBase"]
[SourceQuality "1"]
[TimeControl "40/5400+30:1800+30"]

1. Nf3 {[%emt 0:00:30]} Nf6 {[%emt 0:00:30]} 2. g3 {[%emt 0:00:30]} b6 {[%emt 0:00:30]} 3. Bg2 {[%emt 0:00:30]} Bb7 {[%emt 0:00:30]} 4. O-O {[%emt 0:00:30]} e6 {[%emt 0:00:30]} 5. c4 {[%emt 0:00:30]} Be7 {[%emt 0:00:30]} 6. Nc3 {[%emt 0:00:30]} c5 {[%emt 0:00:30]} 7. d3 {[%emt 0:01:30]} O-O {[%emt 0:00:30]} 8. Bd2 {[%emt 0:00:30]} d5 {[%emt 0:00:30]} 9. Ne5 {[%emt 0:01:30]} Nbd7 {[%emt 0:00:30]} 10. Nxd7 {[%emt 0:00:30]} Qxd7 {[%emt 0:00:30]} 1/2-1/2

[Event "28th CRO-chT 1A-Men 2019"]
[Site "Mali Losinj"]
[Date "2019.10.06"]
[Round "9.13"]
[White "Kryvoruchko, Yuriy"]
[Black "Indjic, Aleksandar"]
[Result "1/2-1/2"]
[WhiteElo "2669"]
[BlackElo "2638"]
[Annotator "RC"]
[PlyCount "106"]
[EventDate "2019.09.28"]
[EventType "team-tourn"]
[EventCountry "CRO"]
[SourceTitle "playchess.com"]
[Source "ChessBase"]
[SourceQuality "1"]
[TimeControl "40/5400+30:1800+30"]

1. e4 {[%emt 0:00:30]} c5 {[%emt 0:01:30]} 2. Nf3 {[%emt 0:00:00]} d6 {[%emt 0:00:30]} 3. Bb5+ {[%emt 0:00:00]} Nd7 {[%emt 0:01:30]} 4. Ba4 {[%emt 0:00:00]} Ngf6 {[%emt 0:01:30]} 5. O-O {[%emt 0:00:00]} a6 {[%emt 0:01:30]} 6. c4 {[%emt 0:00:30]} e5 {[%emt 0:00:30]} 7. Nc3 {[%emt 0:00:30]} Be7 {[%emt 0:01:30]} 8. a3 {[%emt 0:00:30]} O-O {[%emt 0:01:30]} 9. d3 {[%emt 0:00:00]} Nb6 {[%emt 0:02:30]} 10. Bc2 {[%emt 0:04:00]} a5 {[%emt 0:01:30]} 11. h3 {[%emt 0:12:30]} Bd7 {[%emt 0:00:30]} 12. b3 {[%emt 0:04:30]} Ne8 {[%emt 0:03:30]} 13. Rb1 {[%emt 0:02:30]} f5 {[%emt 0:01:30]} 14. b4 {[%emt 0:04:30]} axb4 {[%emt 0:03:30]} 15. axb4 {[%emt 0:00:30]} cxb4 {[%emt 0:00:30]} 16. Rxb4 {[%emt 0:02:30]} fxe4 {[%emt 0:00:00]} 17. dxe4 {[%emt 0:02:30]} Bc6 {[%emt 0:00:00]} 18. Be3 {[%emt 0:11:30]} Nd7 {[%emt 0:00:30]} 19. Nd5 {[%emt 0:04:30]} Nc7 {[%emt 0:02:30]} 20. Qd2 {[%emt 0:08:30]} Na6 {[%emt 0:04:30]} 21. Rb2 {[%emt 0:01:30]} Nac5 {[%emt 0:01:30]} 22. Rd1 {[%emt 0:00:30]} Bxd5 {[%emt 0:00:30]} 23. Qxd5+ {[%emt 0:06:30]} Kh8 {[%emt 0:00:00]} 24. Qd2 {[%emt 0:00:30]} Qe8 {[%emt 0:02:00]} 25. Nh2 {[%emt 0:04:30]} Ra3 {[%emt 0:00:30]} 26. Nf1 {[%emt 0:02:30]} Qf7 {[%emt 0:04:30]} 27. Qe2 {[%emt 0:02:30]} Rfa8 {[%emt 0:01:30]} 28. Rdb1 {[%emt 0:04:30]} Bd8 {[%emt 0:09:30]} 29. Bc1 {[%emt 0:00:30]} Nf8 {[%emt 0:01:30]} 30. Be3 {[%emt 0:04:29]} Nfe6 {[%emt 0:00:30]} 31. Bxc5 {[%emt 0:00:07]} Nxc5 {[%emt 0:00:00]} 32. Ne3 {[%emt 0:00:09]} g6 {[%emt 0:03:00]} 33. Rd1 {[%emt 0:02:54]} R8a6 {[%emt 0:05:30]} 34. Nd5 {[%emt 0:01:55]} Ra8 {[%emt 0:13:30]} 35. Bb1 {[%emt 0:01:03]} Ne6 {[%emt 0:04:30]} 36. Ra2 {[%emt 0:00:13]} Rxa2 {[%emt 0:04:30]} 37. Bxa2 {[%emt 0:00:03]} Nc5 {[%emt 0:00:30]} 38. Bb1 {[%emt 0:00:36]} Kg8 {[%emt 0:01:30]} 39. Rf1 {[%emt 0:01:27]} Bg5 {[%emt 0:04:01]} 40. Bc2 {[%emt 0:00:00]} Rf8 {[%emt 0:00:00]} 41. Qg4 {[%emt 0:10:04]} Bd2 {[%emt 0:05:29]} 42. g3 {[%emt 0:07:30]} Ne6 {[%emt 0:03:30]} 43. f4 {[%emt 0:01:30]} exf4 {[%emt 0:01:30]} 44. Qd1 {[%emt 0:00:30]} Ba5 {[%emt 0:00:30]} 45. gxf4 {[%emt 0:00:30]} Nc7 {[%emt 0:00:00]} 46. Bb3 {[%emt 0:01:30]} Nxd5 {[%emt 0:07:00]} 47. c5 {[%emt 0:02:30]} Kg7 {[%emt 0:00:30]} 48. Bxd5 {[%emt 0:00:30]} Qf6 {[%emt 0:00:00]} 49. cxd6 {[%emt 0:04:42]} Bb6+ {[%emt 0:00:00]} 50. Kg2 {[%emt 0:04:00]} Qxd6 {[%emt 0:00:30]} 51. Qa1+ {[%emt 0:02:41]} Kh6 {[%emt 0:00:30]} 52. Qe5 {[%emt 0:02:21]} Qxe5 {[%emt 0:00:30]} 53. fxe5 {[%emt 0:00:04]} Rxf1 {[%emt 0:00:30]} 1/2-1/2

[Event "28th CRO-chT 1A-Men 2019"]
[Site "Mali Losinj"]
[Date "2019.10.06"]
[Round "9.14"]
[White "Sertic, Rudolf"]
[Black "Malakhov, Vladimir"]
[Result "0-1"]
[WhiteElo "2371"]
[BlackElo "2662"]
[Annotator "TA"]
[PlyCount "72"]
[EventDate "2019.09.28"]
[EventType "team-tourn"]
[EventCountry "CRO"]
[SourceTitle "playchess.com"]
[Source "ChessBase"]
[SourceQuality "1"]

{[%evp 9,72,16,19,20,55,34,20,0,0,0,18,-38,-35,-52,-30,-19,-22,-14,-16,-66,-64,-69,-31,-87,-99,-103,-104,-326,-312,-332,-319,-339,-343,-324,-329,-705,-325,-341,-516,-434,-539,-536,-512,-502,-496,-545,-525,-977,-959,-936,-923,-1082,-959,-1391,-1364,-1972,-2052,-29980,-5135,-29988,-29989,-29988,-29987,-29988,-29989]} 1. d4 g6 2. c4 Bg7 3. Nf3 e6 4. Nc3 Ne7 5. e4 (5. Bf4 O-O 6. Qd2 d5 7. e3 a6 8. Rc1 dxc4 9. Bxc4 Nbc6 10. h4 h6 11. a3 b6 12. b4 {1-0 (37) Wang,H (2711)-Maghsoodloo,P (2636) Abu Dhabi 2018}) 5... d5 6. e5 {A40: Unusual replies to 1 d4} Nbc6 7. Bg5 h6 8. Bf6 $146 {The position is equal.} ({Predecessor:} 8. Bf4 dxc4 9. Bxc4 g5 10. Be3 Nf5 11. h3 a6 12. O-O {1-0 (36) Van Foreest,L (2489)-Kreisl,R (2448) Zalakaros 2017}) 8... Bxf6 9. exf6 Ng8 10. Qd2 (10. cxd5 $11 exd5 11. Bb5) 10... Nxf6 $15 11. Ne5 dxc4 12. Nxc6 bxc6 13. Bxc4 a5 {[%cal Ba7a5,Ba5a4][%mdl 32]} 14. O-O-O Ba6 15. Bb3 Qd6 16. Na4 (16. h4 $15) 16... Bb5 $17 17. Nc5 a4 18. Bxe6 $2 (18. Nb7 $17 {was called for.} Qe7 19. Bc2) 18... fxe6 $19 19. Rhe1 Kf7 (19... Qxh2 20. g3 $19) (19... Bc4 20. Qc2 $11) 20. Rxe6 Qd5 ({Don't do} 20... Qxh2 21. g3) 21. Rde1 ({Don't play} 21. Qf4 Qg5) 21... Rhe8 22. Qxh6 $2 (22. Rxe8 Rxe8 23. Rxe8 Nxe8 24. b3) 22... Qxd4 (22... a3 $142 {( -> ...axb2+)} 23. bxa3 Qc4+ 24. Kb1 Rxe6 {[%mdl 64] Overworked Piece} 25. Rxe6 Qf1+ {[%mdl 64] Double Attack} 26. Kc2 Ba4+ 27. Nxa4 Qxf2+ 28. Qd2 Qxd2+ 29. Kxd2 Kxe6 30. Nc5+ Kd5) 23. Ne4 {Threatening mate with Ng5+.} Kxe6 ({Weaker is} 23... Qc4+ 24. Kb1 $15) 24. Qxg6 {aiming for Nxf6+.} Kd7 25. Nxf6+ {[#]} Qxf6 $1 {[%mdl 512]} 26. Rd1+ {[#]} (26. Qxf6 Rxe1+) 26... Qd6 $1 27. Qf5+ (27. Rxd6+ cxd6) 27... Re6 28. Qf7+ Kc8 {White must now prevent ...Qc5+.} 29. Rxd6 Rxd6 30. g4 Kb7 31. g5 Rad8 32. g6 R8d7 33. Qg8 Bd3 (33... Rd1+ $142 34. Kc2 R7d2+ 35. Kc3 Rxf2 36. Kb4 Rxb2+ 37. Ka5 Bd3 38. Kxa4 Rb5 39. Qb3 Rxb3 40. Kxb3 Bxg6 41. h4 Rh1 42. Kc3 Rxh4 43. a4 c5 44. Kd2 Rh3 45. Ke2 c4 46. Kf1 c3 47. Kg2 Rd3 48. Kh2 c2 49. a5 c1=Q 50. a6+ Kxa6 51. Kg2 Qc2+ 52. Kh1 Rd1#) 34. g7 Bf5 {[%csl Gd7][%cal Rd6d1] Black mates.} 35. b4 a3 {[%csl Gd7][%cal Rd6d1]} 36. Qb3 Rxg7 {Accuracy: White = 11%, Black = 56%.} 0-1

[Event "28th CRO-chT 1A-Men 2019"]
[Site "Mali Losinj"]
[Date "2019.10.06"]
[Round "9.15"]
[White "Stevic, Hrvoje"]
[Black "Biti, Ozren"]
[Result "1/2-1/2"]
[WhiteElo "2570"]
[BlackElo "2366"]
[Annotator "ChessBase"]
[PlyCount "21"]
[EventDate "2019.09.28"]
[EventType "team-tourn"]
[EventCountry "CRO"]
[SourceTitle "playchess.com"]
[Source "ChessBase"]
[SourceQuality "1"]
[TimeControl "40/5400+30:1800+30"]

1. g3 {[%emt 0:00:30]} Nf6 {[%emt 0:00:30]} 2. Bg2 {[%emt 0:00:00]} d5 {[%emt 0:00:00]} 3. Nf3 {[%emt 0:00:00]} c6 {[%emt 0:00:00]} 4. O-O {[%emt 0:00:00]} g6 {[%emt 0:00:30]} 5. d4 {[%emt 0:00:00]} Bg7 {[%emt 0:00:00]} 6. c4 {[%emt 0:00:00]} O-O {[%emt 0:00:00]} 7. cxd5 {[%emt 0:00:00]} cxd5 {[%emt 0:00:00]} 8. Ne5 {[%emt 0:00:30]} Nbd7 {[%emt 0:00:00]} 9. Nc3 {[%emt 0:00:00]} e6 {[%emt 0:00:30]} 10. Nxd7 {[%emt 0:00:00]} Bxd7 {[%emt 0:00:30]} 11. Bf4 {[%emt 0:00:00]} 1/2-1/2

[Event "28th CRO-chT 1A-Men 2019"]
[Site "Mali Losinj"]
[Date "2019.10.06"]
[Round "9.16"]
[White "Ascic, Pero"]
[Black "Kozul, Zdenko"]
[Result "0-1"]
[WhiteElo "2318"]
[BlackElo "2581"]
[Annotator "ChessBase"]
[PlyCount "82"]
[EventDate "2019.09.28"]
[EventType "team-tourn"]
[EventCountry "CRO"]
[SourceTitle "playchess.com"]
[Source "ChessBase"]
[SourceQuality "1"]
[TimeControl "40/5400+30:1800+30"]

1. d4 {[%emt 0:00:30]} Nf6 {[%emt 0:01:30]} 2. c3 {[%emt 0:00:00]} d5 {[%emt 0:06:30]} 3. Nf3 {[%emt 0:00:00]} Bf5 {[%emt 0:00:30]} 4. Bf4 {[%emt 0:04:30]} e6 {[%emt 0:00:30]} 5. e3 {[%emt 0:00:30]} Be7 {[%emt 0:01:30]} 6. Be2 {[%emt 0:01:30]} O-O {[%emt 0:00:30]} 7. O-O {[%emt 0:00:30]} c5 {[%emt 0:01:30]} 8. Nbd2 {[%emt 0:00:30]} h6 {[%emt 0:04:30]} 9. h3 {[%emt 0:00:30]} Nc6 {[%emt 0:04:30]} 10. Ne5 {[%emt 0:01:30]} Nxe5 {[%emt 0:01:30]} 11. Bxe5 {[%emt 0:00:00]} Qb6 {[%emt 0:00:30]} 12. Qb3 {[%emt 0:05:00]} c4 {[%emt 0:03:30]} 13. Qxb6 {[%emt 0:00:30]} axb6 {[%emt 0:00:30]} 14. Bxf6 {[%emt 0:19:30]} Bxf6 {[%emt 0:00:30]} 15. g4 {[%emt 0:05:30]} Bh7 {[%emt 0:03:30]} 16. f4 {[%emt 0:00:30]} Be7 {[%emt 0:04:30]} 17. Nf3 {[%emt 0:03:30]} g5 {[%emt 0:01:30]} 18. a3 {[%emt 0:03:30]} Kg7 {[%emt 0:14:30]} 19. Rf2 {[%emt 0:11:30]} b5 {[%emt 0:05:30]} 20. Rc1 {[%emt 0:00:30]} f6 {[%emt 0:01:30]} 21. Bd1 {[%emt 0:06:30]} Bd6 {[%emt 0:00:30]} 22. Ne1 {[%emt 0:02:30]} gxf4 {[%emt 0:02:30]} 23. exf4 {[%emt 0:00:00]} e5 {[%emt 0:00:00]} 24. f5 {[%emt 0:22:36]} exd4 {[%emt 0:02:00]} 25. cxd4 {[%emt 0:00:05]} b4 {[%emt 0:13:30]} 26. axb4 {[%emt 0:00:30]} Bxb4 {[%emt 0:00:30]} 27. Nc2 {[%emt 0:00:20]} Bd6 {[%emt 0:00:30]} 28. Bf3 {[%emt 0:00:49]} Bg8 {[%emt 0:00:00]} 29. Re2 {[%emt 0:00:30]} Ra5 {[%emt 0:02:00]} 30. Kf2 {[%emt 0:03:03]} Rfa8 {[%emt 0:03:30]} 31. Ne3 {[%emt 0:01:28]} Bf7 {[%emt 0:00:30]} 32. h4 {[%emt 0:00:48]} Re8 {[%emt 0:01:30]} 33. Rg1 {[%emt 0:01:10]} Bf4 {[%emt 0:01:57]} 34. Nd1 {[%emt 0:04:36]} Rxe2+ {[%emt 0:00:44]} 35. Kxe2 {[%emt 0:01:03]} Ra2 {[%emt 0:00:53]} 36. Ke1 {[%emt 0:00:13]} b5 {[%emt 0:00:26]} 37. Rg2 {[%emt 0:00:07]} b4 {[%emt 0:00:14]} 38. h5 {[%emt 0:00:56]} Ra1 {[%emt 0:01:27]} 39. Rc2 {[%emt 0:00:24]} Rb1 {[%emt 0:00:32]} 40. Re2 {[%emt 0:00:00]} Kf8 {[%emt 0:00:00]} 41. Rc2 {[%emt 0:03:52]} Be8 {[%emt 0:06:17]} 0-1